[Event "TCh-RUS HL 2019"]
[Site "Sochi RUS"]
[Date "2019.05.01"]
[Round "1.10"]
[Board "2"]
[White "Taysayev, Timur"]
[Black "Tolstykh, Dmitri"]
[Result "1-0"]
[WhiteElo "2225"]
[BlackElo "1550"]
[WhiteTeam "Alania (RNO-Alania)"]
[BlackTeam "MBU Samara Ladya"]
[WhiteFideId "4114221"]
[BlackFideId "34189154"]
[EventDate "2019.05.01"]

1. e4 c5 2. Nf3 Nc6 3. d4 cxd4 4. Nxd4 Nf6 5. Nc3 e5 6. Ndb5 d6 7. Bg5 a6 8. Na3
b5 9. Nd5 Be7 10. Bxf6 Bxf6 11. c3 Bg5 12. Nc2 O-O 13. h4 Bh6 14. g4 g5 15. h5
Bg7 16. h6 Bf6 17. a4 Rb8 18. axb5 axb5 19. b4 Be6 20. Ra6 Bxd5 21. Qxd5 Ne7 22.
Qxd6 Qxd6 23. Rxd6 Bh8 24. Na3 Nc8 25. Ra6 Rb6 26. Bxb5 Rxa6 27. Bxa6 Nd6 28. f3
Ra8 29. b5 Nxb5 30. Nxb5 Rxa6 31. Kd2 f6 32. Kd3 Kf7 33. Kc4 Ra2 34. Kc5 Rf2 35.
Rh3 f5 36. gxf5 Bf6 37. Kc6 Be7 38. Nc7 Rd2 39. Nd5 Rd3 40. Rg3 Bd8 41. Kd6 Bf6
42. c4 Rd1 43. c5 Be7+ 44. Kxe5 Bxc5 45. Rxg5 Bd4+ 46. Kd6 Rh1 47. f6 Rxh6 48.
e5 Kf8 49. Nc7 Bc3 50. Ne6+ Ke8 51. f7+ Kxf7 52. Rg7+ 1-0

[Event "TCh-RUS HL 2019"]
[Site "Sochi RUS"]
[Date "2019.05.01"]
[Round "1.10"]
[Board "3"]
[White "Tolstykh, Arina"]
[Black "Tenikashvili, Georgij"]
[Result "0-1"]
[BlackTitle "FM"]
[WhiteElo "1599"]
[BlackElo "2361"]
[WhiteTeam "MBU Samara Ladya"]
[BlackTeam "Alania (RNO-Alania)"]
[WhiteFideId "34188840"]
[BlackFideId "4134605"]
[EventDate "2019.05.01"]

1. d4 d5 2. c4 dxc4 3. e3 e6 4. Bxc4 Nf6 5. Nf3 c5 6. O-O a6 7. dxc5 Bxc5 8.
Qxd8+ Kxd8 9. Ne5 Ke7 10. Be2 Nbd7 11. Nc4 b6 12. Nc3 Bb7 13. Na4 b5 14. Nxc5
Nxc5 15. Ne5 Rhd8 16. b3 b4 17. f3 Nd5 18. Nd3 Nxd3 19. Bxd3 Nc3 20. Bc4 Bd5 21.
Bxd5 Rxd5 22. e4 Rd3 23. Kf2 Rc8 24. a3 a5 25. axb4 axb4 26. Ra7+ Kf6 27. e5+
Kg6 28. Rb7 Nd5 29. h4 Rc2+ 30. Kg3 Rxb3 31. h5+ Kxh5 32. Rxf7 Kg6 0-1

[Event "TCh-RUS HL 2019"]
[Site "Sochi RUS"]
[Date "2019.05.02"]
[Round "2.1"]
[Board "1"]
[White "Pogromsky, Mikhail"]
[Black "Goryachkina, Aleksandra"]
[Result "0-1"]
[WhiteTitle "IM"]
[BlackTitle "GM"]
[WhiteElo "2415"]
[BlackElo "2522"]
[WhiteTeam "Polytechnic (Sverdlovsk region)"]
[BlackTeam "Yamal (YaNAO)"]
[WhiteFideId "4184688"]
[BlackFideId "4147103"]
[EventDate "2019.05.01"]

1. d4 d5 2. c4 c6 3. Nf3 Nf6 4. e3 Bf5 5. Nc3 e6 6. Nh4 Bg6 7. Nxg6 hxg6 8. h3
Nbd7 9. Bd3 Bd6 10. O-O Qe7 11. e4 dxe4 12. Bxe4 Nxe4 13. Nxe4 Rh5 14. Re1 Kf8
15. Qb3 b5 16. c5 Bc7 17. a4 b4 18. Qxb4 Nb6 19. a5 Nd5 20. Qa4 Qd7 21. Bd2 Rb8
22. b4 Rh4 23. Rab1 Rb5 24. Nc3 Nxc3 25. Bxc3 Qd5 26. Qd1 g5 27. Re3 g4 28. Qd3
Bf4 29. Re4 gxh3 30. Rbe1 f5 31. Qf3 fxe4 0-1

[Event "TCh-RUS HL 2019"]
[Site "Sochi RUS"]
[Date "2019.05.02"]
[Round "2.1"]
[Board "2"]
[White "Potapov, Pavel"]
[Black "Ozgibcev, Anatoly"]
[Result "1/2-1/2"]
[WhiteTitle "GM"]
[WhiteElo "2492"]
[BlackElo "2368"]
[WhiteTeam "Yamal (YaNAO)"]
[BlackTeam "Polytechnic (Sverdlovsk region)"]
[WhiteFideId "4169786"]
[BlackFideId "4139704"]
[EventDate "2019.05.01"]

1. e4 c5 2. Nf3 d6 3. Nc3 Nf6 4. e5 dxe5 5. Nxe5 a6 6. a4 Nbd7 7. Nc4 e6 8. a5
Be7 9. Be2 b5 10. axb6 Nxb6 11. Nxb6 Qxb6 12. Bf3 Rb8 13. O-O O-O 14. d3 Qc7 15.
b3 Bd6 16. g3 Be5 17. Bd2 Bxc3 18. Bxc3 Nd5 19. Bb2 Nb4 20. Re1 Nc6 21. Ra4 Rb4
22. Re4 Rxa4 23. Rxa4 Qb6 24. Bg2 e5 25. Qh5 Bd7 26. Rh4 h6 27. Bd5 Qc7 28. Re4
Qd6 29. Bc4 Nd4 30. Bxd4 exd4 31. Qe5 Qxe5 32. Rxe5 Re8 33. Rxe8+ Bxe8 34. Bxa6
Kf8 35. Bb7 Ke7 36. Kf1 Kd6 37. Ke2 f6 38. Kd2 Kc7 39. Bd5 Kb6 40. c3 Ka5 41.
Kc2 Bh5 42. f3 Bg6 43. h4 Be8 44. Be4 Bf7 45. Kb2 g5 46. Bf5 Bd5 47. f4 gxf4 48.
gxf4 Bf7 49. cxd4 cxd4 50. Ka3 Bd5 51. Bd7 Bf7 52. f5 Bd5 53. b4+ Kb6 54. Be6
Bc6 55. Kb3 Bb5 56. Bc4 Bd7 57. Bd5 Bb5 58. Bc4 Bd7 59. Be6 Bb5 60. Bc4 1/2-1/2

[Event "TCh-RUS HL 2019"]
[Site "Sochi RUS"]
[Date "2019.05.02"]
[Round "2.1"]
[Board "3"]
[White "Dilmukhametov, Artur"]
[Black "Belyakov, Bogdan"]
[Result "1/2-1/2"]
[BlackTitle "IM"]
[WhiteElo "2353"]
[BlackElo "2460"]
[WhiteTeam "Polytechnic (Sverdlovsk region)"]
[BlackTeam "Yamal (YaNAO)"]
[WhiteFideId "24179922"]
[BlackFideId "24104795"]
[EventDate "2019.05.01"]

1. e4 e5 2. Nf3 Nc6 3. Bb5 a6 4. Ba4 Nf6 5. Qe2 b5 6. Bb3 Bc5 7. a4 Rb8 8. axb5
axb5 9. Nc3 O-O 10. O-O d6 11. h3 b4 12. Nd5 Nxd5 13. Bxd5 Ne7 14. Bb3 Ng6 15.
d3 Be6 16. Bxe6 fxe6 17. c3 bxc3 18. bxc3 Nf4 19. Bxf4 Rxf4 20. d4 exd4 21. cxd4
Bb6 22. Ra4 Qd7 23. Rfa1 Qc6 24. d5 Qe8 25. dxe6 Qxe6 26. Ra8 Rbf8 27. Rxf8+
Rxf8 28. Qd3 h6 29. Qd5 Qxd5 30. exd5 Rf5 31. Rd1 Kf7 32. Rd3 Rf4 33. g3 Ra4 34.
Kg2 Kf6 35. Rd2 Kf5 36. Re2 Ra5 37. g4+ Kf6 38. Rd2 Rc5 39. Kg3 Rc3 40. Kg2 Ra3
41. Kg3 1/2-1/2

[Event "TCh-RUS HL 2019"]
[Site "Sochi RUS"]
[Date "2019.05.02"]
[Round "2.1"]
[Board "4"]
[White "Savitskiy, Sergey"]
[Black "Inozemtsev, Sergei"]
[Result "1-0"]
[WhiteTitle "IM"]
[WhiteElo "2411"]
[BlackElo "2310"]
[WhiteTeam "Yamal (YaNAO)"]
[BlackTeam "Polytechnic (Sverdlovsk region)"]
[WhiteFideId "24105660"]
[BlackFideId "24129690"]
[EventDate "2019.05.01"]

1. e4 e6 2. d4 d5 3. Nd2 Nf6 4. e5 Nfd7 5. Bd3 c5 6. c3 Nc6 7. Ne2 cxd4 8. cxd4
f6 9. exf6 Qxf6 10. Nf3 h6 11. O-O Bd6 12. Be3 O-O 13. Rc1 Rd8 14. Bb1 Nf8 15.
Qd2 Bd7 16. Bf4 Bxf4 17. Nxf4 Be8 18. Qe3 Rd7 19. Rfe1 Re7 20. Ne5 Nxe5 21. Qxe5
Qxe5 22. Rxe5 Rd8 23. h4 Bf7 24. Re3 Rd6 25. g4 Rc6 26. Rce1 Rc4 27. Nxd5 Rd7
28. Nc3 Rcxd4 29. f3 h5 30. Be4 hxg4 31. fxg4 Bg6 32. Bf3 Bd3 33. Kf2 b6 34. Kg3
Kf7 35. Ne4 Bxe4 36. Bxe4 Rd2 37. Rf1+ Kg8 38. Ref3 Rd8 39. R1f2 Rxf2 40. Rxf2
Rd4 41. Bc2 Nd7 42. g5 a5 43. a3 b5 44. Bb1 b4 45. axb4 Rxb4 46. Ba2 Nf8 47. h5
Rb5 48. Kg4 Rb4+ 49. Kh3 Re4 50. Bb1 Re1 51. Bc2 Rg1 52. Rg2 Rf1 53. Rd2 Rh1+
54. Kg4 Rg1+ 55. Kf4 Rf1+ 56. Ke3 Re1+ 57. Kf3 Rh1 58. Kg4 Rg1+ 59. Kf4 Rf1+ 60.
Ke5 Rg1 61. g6 Rg5+ 62. Kd6 Rxh5 63. Ke7 Rb5 64. Be4 Rb8 65. Rd8 Rxd8 66. Kxd8
Nxg6 1-0

[Event "TCh-RUS HL 2019"]
[Site "Sochi RUS"]
[Date "2019.05.02"]
[Round "2.2"]
[Board "1"]
[White "Gharagyozyan, Artur"]
[Black "Drygalov, Sergey"]
[Result "1-0"]
[BlackTitle "IM"]
[WhiteElo "2321"]
[BlackElo "2485"]
[WhiteTeam "Alania (RNO-Alania)"]
[BlackTeam "South Ural (Chelyabinsk region)"]
[WhiteFideId "13303279"]
[BlackFideId "24171743"]
[EventDate "2019.05.01"]

1. e4 c5 2. Nf3 d6 3. d4 cxd4 4. Nxd4 Nf6 5. Nc3 a6 6. Be3 e5 7. Nb3 Be6 8. Qf3
Be7 9. h3 Nbd7 10. g4 h6 11. O-O-O b5 12. Kb1 Nb6 13. Bxb6 Qxb6 14. Nd5 Nxd5 15.
exd5 Bd7 16. Bd3 a5 17. Nd2 a4 18. Bf5 Bxf5 19. gxf5 a3 20. b3 Bf6 21. Ne4 Ke7
22. Rhg1 Rhg8 23. c3 Rac8 24. Rg4 Rc4 25. Kc2 Rxe4 26. Rxe4 Rc8 27. Qe3 Qc7 28.
f4 Kf8 29. fxe5 Bxe5 30. Rxe5 dxe5 31. d6 Qd7 32. Qxe5 Re8 33. Qc5 Rc8 34. Qxa3
Qxf5+ 35. Kb2 Qd7 36. Qb4 Kg8 37. h4 Re8 38. Rd2 Rc8 39. a4 bxa4 40. Qxa4 Qh3
41. Qd4 Qd7 42. c4 Rb8 43. c5 Rc8 44. h5 Rb8 45. Rd3 Rc8 46. Rg3 f6 47. b4 Kh8
48. Qg4 Qb7 49. d7 Rg8 50. c6 Qb6 51. Rd3 1-0

[Event "TCh-RUS HL 2019"]
[Site "Sochi RUS"]
[Date "2019.05.02"]
[Round "2.2"]
[Board "2"]
[White "Gutenev, Alexander"]
[Black "Taysayev, Timur"]
[Result "1-0"]
[WhiteTitle "IM"]
[WhiteElo "2460"]
[BlackElo "2225"]
[WhiteTeam "South Ural (Chelyabinsk region)"]
[BlackTeam "Alania (RNO-Alania)"]
[WhiteFideId "4195540"]
[BlackFideId "4114221"]
[EventDate "2019.05.01"]

1. e4 e5 2. Nf3 Nc6 3. Bb5 a6 4. Ba4 Nf6 5. O-O Be7 6. d3 b5 7. Bb3 O-O 8. Nc3
d6 9. a3 Bg4 10. Be3 Qd7 11. Nd5 Nxd5 12. Bxd5 Rae8 13. c3 Bd8 14. h3 Be6 15. c4
Bxd5 16. cxd5 Ne7 17. d4 Ng6 18. Re1 exd4 19. Bxd4 f5 20. e5 dxe5 21. Bxe5 Nxe5
22. Rxe5 Rxe5 23. Nxe5 Qd6 24. Nf3 Bf6 25. Qb3 Rd8 26. Rd1 Kf8 27. Qc2 g6 28.
Rd2 Re8 29. g3 Re4 30. b3 a5 31. Rd3 a4 32. bxa4 bxa4 33. Kg2 g5 34. Nd2 Re2 35.
Qd1 Re7 36. Qxa4 Kg7 37. Nc4 Qc5 38. Ne3 Kg6 39. d6 cxd6 40. Rd5 Qc1 41. Rxd6
Rxe3 42. Qd4 Rxg3+ 43. Kxg3 Qxa3+ 44. Kh2 1-0

[Event "TCh-RUS HL 2019"]
[Site "Sochi RUS"]
[Date "2019.05.02"]
[Round "2.2"]
[Board "3"]
[White "Tenikashvili, Georgij"]
[Black "Drygalov, Andrey"]
[Result "0-1"]
[WhiteTitle "FM"]
[BlackTitle "IM"]
[WhiteElo "2361"]
[BlackElo "2481"]
[WhiteTeam "Alania (RNO-Alania)"]
[BlackTeam "South Ural (Chelyabinsk region)"]
[WhiteFideId "4134605"]
[BlackFideId "24171735"]
[EventDate "2019.05.01"]

1. d4 Nf6 2. c4 g6 3. Nc3 d5 4. Nf3 Bg7 5. Bg5 Ne4 6. cxd5 Nxg5 7. Nxg5 e6 8.
Nf3 exd5 9. b4 Qd6 10. a3 c6 11. e3 O-O 12. Be2 a5 13. b5 c5 14. O-O Nd7 15. Rc1
c4 16. a4 Nb6 17. Qc2 Bf5 18. Qa2 Rfe8 19. Nd2 Be6 20. Bf3 f5 21. g3 g5 22. Kh1
Kh8 23. Bg2 Bf7 24. Rfe1 h6 25. f4 g4 26. Nf1 h5 27. Qc2 Qf6 28. h4 Bf8 29. Ra1
Kg7 30. Kg1 Bb4 31. Kf2 Kg6 32. Reb1 Qd6 33. Ra2 Nd7 34. Raa1 Nf6 35. Ra2 Re7
36. Bh1 Rae8 37. Bg2 Qb6 38. Qd2 Bd6 39. Rc2 Bb8 40. Ra2 Ba7 41. Rd1 Qd6 42. Rb1
Bb6 43. Bh1 Rd8 44. Raa1 Nd7 45. Bg2 Nf8 46. Bh1 Kh6 47. Bg2 Qf6 48. Rd1 Ng6 49.
Ra2 Kg7 50. Raa1 Red7 51. Qc2 Be6 52. Ra2 Rh8 53. Raa1 Bd8 54. Rab1 b6 55. Kg1
Qf7 56. Qf2 Bf6 57. Rbc1 Rd6 58. Bh1 Qe7 59. Qh2 Rd7 60. Rc2 Qa3 61. Rb1 Bf7 62.
Qf2 Qe7 63. Qh2 Kf8 64. Rd1 Kg7 65. Rdc1 Rc8 66. Rd1 Qa3 67. Rb1 Be7 68. Qd2 Qd6
69. Qf2 Bf6 70. Rd1 Re8 71. Qh2 Qe7 72. Rdc1 Qd8 73. Rd1 Rde7 74. Qf2 Rd7 75.
Qh2 Qe7 76. Rdc1 Rdd8 77. Rd1 Rh8 78. Rdc1 Rh7 79. Rd1 Nxh4 80. gxh4 Bxh4 81. e4
fxe4 82. Ne3 Be6 83. Ncxd5 Rxd5 84. Bxe4 Rd8 85. Bxh7 Kxh7 86. Re2 g3 87. Qg2
Qf6 88. Qe4+ Kg8 89. f5 Bf7 90. Qe5 Re8 91. Qf4 Qg5 92. Qf3 Qd8 93. Ng2 Rxe2 94.
Qxe2 Bg5 95. d5 Qc7 96. d6 Qc5+ 97. Kh1 Qxf5 98. Ne3 Qh3+ 99. Kg1 Bxe3+ 100.
Qxe3 Qh2+ 101. Kf1 g2+ 0-1

[Event "TCh-RUS HL 2019"]
[Site "Sochi RUS"]
[Date "2019.05.02"]
[Round "2.2"]
[Board "4"]
[White "Radzhabov, Rodion"]
[Black "Bykova, Anastasia"]
[Result "1/2-1/2"]
[WhiteTitle "FM"]
[BlackTitle "WFM"]
[WhiteElo "2406"]
[BlackElo "2201"]
[WhiteTeam "South Ural (Chelyabinsk region)"]
[BlackTeam "Alania (RNO-Alania)"]
[WhiteFideId "884715"]
[BlackFideId "4164970"]
[EventDate "2019.05.01"]

1. e4 c6 2. Nc3 d5 3. d4 dxe4 4. Nxe4 Bf5 5. Ng3 Bg6 6. N1e2 Nf6 7. h4 h6 8. Nf4
Bh7 9. c3 e6 10. h5 Bd6 11. Bc4 Qc7 12. Qf3 O-O 13. O-O Nbd7 14. Bd2 Kh8 15. Nd3
e5 16. dxe5 Nxe5 17. Nxe5 Bxe5 18. Be3 Rad8 19. Rad1 Bc2 20. Rxd8 Rxd8 21. Rc1
Bh7 22. a4 a5 23. Re1 Re8 24. Bd4 Bxd4 25. Rxe8+ Nxe8 26. cxd4 Nd6 27. Qf4 Qe7
28. Bb3 Kg8 29. Nf1 Bf5 30. Ne3 Bd7 31. f3 Qg5 32. Qxg5 hxg5 33. Kf2 Kf8 34. g4
Ke7 35. Bc2 Be6 36. Ke2 Nc4 37. Nd1 Nb6 38. Nc3 Nd5 39. Ne4 Nb4 40. Bd1 f6 41.
Kd2 b6 42. Ng3 Kf7 43. Ne4 Ke7 44. Ng3 Kf7 45. Ne4 1/2-1/2

[Event "TCh-RUS HL 2019"]
[Site "Sochi RUS"]
[Date "2019.05.02"]
[Round "2.3"]
[Board "1"]
[White "Rychagov, Andrey"]
[Black "Lugovskoy, Maxim"]
[Result "0-1"]
[WhiteTitle "GM"]
[BlackTitle "GM"]
[WhiteElo "2548"]
[BlackElo "2445"]
[WhiteTeam "Botvinnik School (Moscow)"]
[BlackTeam "Sochi (Krasnodar Territory)"]
[WhiteFideId "4119932"]
[BlackFideId "24126454"]
[EventDate "2019.05.01"]

1. d4 d5 2. c4 e6 3. Nc3 a6 4. cxd5 exd5 5. Bf4 c6 6. e3 Bd6 7. Bxd6 Qxd6 8. Bd3
Nf6 9. Qc2 O-O 10. h3 Re8 11. Nf3 Nbd7 12. O-O Nf8 13. Rab1 a5 14. a3 Be6 15.
Rfc1 g6 16. b4 axb4 17. axb4 b5 18. Ne2 Rec8 19. Ne5 N6d7 20. f4 f6 21. Nxd7
Bxd7 22. f5 Re8 23. fxg6 hxg6 24. e4 dxe4 25. Bxe4 Kg7 26. Rd1 Qe6 27. Bd3 Ra2
28. Rb2 Qe3+ 29. Kh2 Rxb2 30. Qxb2 Bxh3 31. Rd2 Be6 32. Ng3 Qf4 0-1

[Event "TCh-RUS HL 2019"]
[Site "Sochi RUS"]
[Date "2019.05.02"]
[Round "2.3"]
[Board "2"]
[White "Oganian, Miran"]
[Black "Novikov, Stanislav"]
[Result "1/2-1/2"]
[WhiteTitle "IM"]
[BlackTitle "GM"]
[WhiteElo "2415"]
[BlackElo "2535"]
[WhiteTeam "Sochi (Krasnodar Territory)"]
[BlackTeam "Botvinnik School (Moscow)"]
[WhiteFideId "4122488"]
[BlackFideId "4125371"]
[EventDate "2019.05.01"]

1. d4 Nf6 2. Nf3 g6 3. Bg5 Bg7 4. Nbd2 O-O 5. c3 d6 6. e4 Nbd7 7. Be2 e5 8. dxe5
dxe5 9. O-O h6 10. Bxf6 Qxf6 11. Qc2 Qe7 12. Nc4 b6 13. Rad1 Bb7 14. Rfe1 a5 15.
Nfd2 Nc5 16. Ne3 Rfd8 17. Nd5 Bxd5 18. exd5 Rxd5 19. Bf3 e4 20. Rxe4 Nxe4 21.
Bxe4 Rad8 22. Bxd5 Rxd5 23. Nf1 Qd7 24. Ne3 Rxd1+ 25. Qxd1 Qxd1+ 26. Nxd1 Kf8
27. Kf1 Ke7 28. Ke2 Kd6 29. Kd3 Kc5 30. Ne3 a4 31. b3 axb3 32. axb3 b5 33. h3 c6
34. Nc2 h5 35. Nb4 Be5 36. Na6+ Kb6 37. Nb4 Kc5 38. Na6+ Kb6 39. Nb4 Kc5 40.
Na6+ Kd5 1/2-1/2

[Event "TCh-RUS HL 2019"]
[Site "Sochi RUS"]
[Date "2019.05.02"]
[Round "2.3"]
[Board "3"]
[White "Makarian, Rudik"]
[Black "Zakaryan, David"]
[Result "1-0"]
[WhiteTitle "IM"]
[BlackTitle "FM"]
[WhiteElo "2348"]
[BlackElo "2350"]
[WhiteTeam "Botvinnik School (Moscow)"]
[BlackTeam "Sochi (Krasnodar Territory)"]
[WhiteFideId "44105681"]
[BlackFideId "24101923"]
[EventDate "2019.05.01"]

1. c4 g6 2. Nc3 c5 3. g3 Bg7 4. Bg2 Nc6 5. Nf3 Nh6 6. h4 d6 7. d3 Bg4 8. Bd2 Qd7
9. Qc1 Ng8 10. Nd5 e6 11. Bc3 Nd4 12. Ne3 Bxf3 13. Bxf3 h5 14. Bg2 Ne7 15. Nc2
Nxc2+ 16. Qxc2 O-O 17. O-O Rac8 18. Bxg7 Kxg7 19. b4 b6 20. b5 d5 21. a4 Rfd8
22. a5 Nf5 23. Qb2+ f6 24. axb6 axb6 25. Ra6 Qd6 26. e3 Rc7 27. Rfa1 Nh6 28. Qa3
Nf7 29. cxd5 exd5 30. d4 cxd4 31. exd4 Qxa3 32. R1xa3 Nd6 33. Rxb6 Nc4 34. Rc3
Re7 35. Rc6 Re1+ 36. Kh2 Re2 37. Rf3 f5 38. Bf1 Rb2 39. Bxc4 dxc4 40. Rxc4 Rxb5
41. Ra3 Rbd5 42. Ra6 R8d6 43. Rxd6 Rxd6 44. Kg2 Kf6 45. Kf3 g5 46. d5 g4+ 47.
Kf4 Rxd5 48. Rc6+ Kg7 49. Kg5 Rd2 50. Rc7+ Kf8 51. Rc5 1-0

[Event "TCh-RUS HL 2019"]
[Site "Sochi RUS"]
[Date "2019.05.02"]
[Round "2.3"]
[Board "4"]
[White "Utnasunov, Alexander"]
[Black "Yeritsyan, Aram"]
[Result "1-0"]
[BlackTitle "FM"]
[WhiteElo "2437"]
[BlackElo "2299"]
[WhiteTeam "Sochi (Krasnodar Territory)"]
[BlackTeam "Botvinnik School (Moscow)"]
[WhiteFideId "4134524"]
[BlackFideId "34161047"]
[EventDate "2019.05.01"]

1. d4 Nf6 2. c4 e6 3. Nc3 Bb4 4. f3 d5 5. a3 Bxc3+ 6. bxc3 c5 7. cxd5 Nxd5 8.
dxc5 Qa5 9. e4 Nf6 10. Be3 O-O 11. Qb3 Qc7 12. a4 Nfd7 13. Qa3 b6 14. a5 bxc5
15. a6 c4 16. Qa5 Qxa5 17. Rxa5 Nc6 18. Ra1 Nde5 19. f4 Ng4 20. Bc5 Rd8 21. Bxc4
Rb8 22. Nf3 Nf6 23. Nd4 Nxd4 24. cxd4 Nxe4 25. Bxa7 Ra8 26. Bc5 Rd7 27. Ke2 h5
28. Ke3 Nxc5 29. dxc5 Kf8 30. Rhb1 Rc7 31. Ra5 Ke7 32. Rb6 Rca7 33. Bb5 Kd8 34.
Kd4 Kc7 35. Kc4 h4 36. Ra3 h3 37. g4 g5 38. fxg5 e5 39. Kd5 Bxg4 40. Kxe5 Rg8
41. Kf4 Bc8 42. Re3 Be6 43. Bc4 1-0

[Event "TCh-RUS HL 2019"]
[Site "Sochi RUS"]
[Date "2019.05.02"]
[Round "2.4"]
[Board "1"]
[White "Zakhartsov, Vladimir"]
[Black "Antonenko, Vladimir"]
[Result "1-0"]
[WhiteTitle "GM"]
[BlackTitle "FM"]
[WhiteElo "2471"]
[BlackElo "2387"]
[WhiteTeam "Grandmaster Academy / Chess-trans"]
[BlackTeam "NGTU-NETI (Novosibirsk region)"]
[WhiteFideId "4145097"]
[BlackFideId "24159409"]
[EventDate "2019.05.01"]

1. d4 Nf6 2. c4 e6 3. Nc3 d5 4. cxd5 exd5 5. Bg5 c6 6. Qc2 Bd6 7. e3 O-O 8. Bd3
h6 9. Bh4 Re8 10. Nge2 a5 11. Bh7+ Kh8 12. Bf5 Bxf5 13. Qxf5 Qd7 14. Qc2 Ne4 15.
Nxe4 Rxe4 16. Bg3 Na6 17. O-O Nc7 18. Rac1 Nb5 19. a4 Nc7 20. Qb3 Ne8 21. Nf4
Re7 22. Nd3 Bxg3 23. hxg3 Nd6 24. Ne5 Qe8 25. Qc2 Ne4 26. Kh2 f6 27. Nd3 g5 28.
Rh1 Kg7 29. Kg1 Qg6 30. g4 Rh8 31. Qd1 Rhe8 32. Rh3 Nd6 33. b3 Ne4 34. Qe1 Ra8
35. Rd1 Qe8 36. f3 Nd6 37. Qg3 Rd8 38. f4 b6 39. Qh2 Nf7 40. Re1 Qd7 41. fxg5
fxg5 42. Rf1 Qd6 43. Rg3 Qg6 44. Nf2 Rde8 45. Qh3 Qc2 46. Rf3 Qg6 47. Nh1 Nd6
48. Rf6 Qxf6 49. Rxf6 Kxf6 50. Qxh6+ Kf7 51. Qxd6 Rxe3 52. Qd7+ Kf6 53. Ng3 1-0

[Event "TCh-RUS HL 2019"]
[Site "Sochi RUS"]
[Date "2019.05.02"]
[Round "2.4"]
[Board "2"]
[White "Bublei, Pavel"]
[Black "Glek, Igor"]
[Result "1-0"]
[WhiteTitle "FM"]
[BlackTitle "GM"]
[WhiteElo "2370"]
[BlackElo "2464"]
[WhiteTeam "NGTU-NETI (Novosibirsk region)"]
[BlackTeam "Grandmaster Academy / Chess-trans"]
[WhiteFideId "24112593"]
[BlackFideId "4100484"]
[EventDate "2019.05.01"]

1. d4 e6 2. c4 f5 3. Nf3 Nf6 4. g3 Be7 5. Bg2 O-O 6. O-O d6 7. Nc3 Ne4 8. Nxe4
fxe4 9. Ne1 d5 10. f3 Nc6 11. e3 exf3 12. Rxf3 Bf6 13. Bd2 a5 14. Qc2 Kh8 15.
Nd3 dxc4 16. Qxc4 e5 17. d5 Ne7 18. Rf2 Nf5 19. Rc1 Rf7 20. Nc5 Nd6 21. Qa4 Bd7
22. Qb3 Qc8 23. Ne4 Qd8 24. Qc2 Bc8 25. Rcf1 Qe7 26. b4 b6 27. bxa5 bxa5 28. Nc5
Rf8 29. Rc1 Ra7 30. a4 Re8 31. Nb3 Bg5 32. Qc5 Rb7 33. Nxa5 Rb2 34. Qc3 Ra2 35.
Nc6 Qd7 36. Qb3 Rxd2 37. Rxd2 Nf5 38. Re2 Qd6 39. Rce1 Qh6 40. Qd3 e4 41. Bxe4
Nd6 42. Bg2 Bg4 43. e4 Bxe2 44. Rxe2 Rf8 45. h4 Bxh4 46. gxh4 Qxh4 47. Qh3 Qf4
48. Qe3 Qg4 49. Ne5 Qh5 50. Nf3 h6 51. e5 Nf5 52. Qa3 Rb8 53. Rb2 Rd8 54. Qc5
Kh7 55. a5 Qg4 56. a6 Qa4 57. Qc2 Qf4 58. a7 Ra8 59. Ra2 Kh8 60. Ra4 Qe3+ 61.
Qf2 Qb3 62. Rf4 Ne3 63. Nd4 Qd1+ 64. Bf1 1-0

[Event "TCh-RUS HL 2019"]
[Site "Sochi RUS"]
[Date "2019.05.02"]
[Round "2.4"]
[Board "3"]
[White "Golubev, Roman"]
[Black "Gubsky, Egor"]
[Result "1-0"]
[WhiteTitle "IM"]
[BlackTitle "FM"]
[WhiteElo "2378"]
[BlackElo "2290"]
[WhiteTeam "Grandmaster Academy / Chess-trans"]
[BlackTeam "NGTU-NETI (Novosibirsk region)"]
[WhiteFideId "14202344"]
[BlackFideId "4194055"]
[EventDate "2019.05.01"]

1. e4 c5 2. Nf3 Nc6 3. Bb5 e6 4. O-O Nge7 5. Re1 a6 6. Bf1 d5 7. d3 Qc7 8. g3
dxe4 9. dxe4 Ng6 10. a4 Be7 11. Na3 O-O 12. c3 Rd8 13. Qc2 Na5 14. b3 b6 15. Rb1
Nc6 16. Nd2 Bb7 17. f4 Rd7 18. Ndc4 Rad8 19. Be3 Na7 20. Nd2 Qc6 21. Bg2 b5 22.
Re2 Qc7 23. axb5 axb5 24. b4 Rd3 25. Nb3 cxb4 26. cxb4 Qb8 27. Bb6 Bxb4 28. Bxd8
Qxd8 29. Qc1 Rc3 30. Nc2 Qd3 31. Qd1 Qxd1+ 32. Rxd1 Rxb3 33. Nxb4 Nf8 34. Ra2
Nc8 35. Nd3 Rc3 36. Rb2 Nd6 37. e5 Nc4 38. Bxb7 Rxd3 39. Rxd3 Nxb2 40. Rb3 Nc4
41. Rxb5 Ne3 42. h3 h5 43. Bf3 Nf5 44. Kf2 g6 45. Rb7 Nh7 46. g4 hxg4 47. hxg4
Nh6 48. Kg3 Kg7 49. Be4 Nf8 50. Bc6 Nh7 51. Kf3 Kf8 52. Ba4 Ng8 53. Rb8+ Kg7 54.
Re8 Nh6 55. Kg3 Nf8 56. Kf3 Nh7 57. Bd1 Nf8 58. Ke4 Nh7 59. Be2 Nf8 60. Rc8 Nh7
61. Rc7 Kf8 62. Kf3 Kg7 63. Bb5 Kf8 64. Bc6 Ng8 65. Rc8+ Kg7 66. Re8 Nh6 67. Bd7
Nf8 68. Bc8 Kg8 69. Kg3 Kg7 70. Kh4 Nh7 71. Bxe6 fxe6 72. Rxe6 Nf7 73. Kg3 Nf8
74. Re7 Kg8 75. f5 gxf5 76. gxf5 Nd8 77. Rc7 Nf7 78. Kf4 Nh7 79. e6 Nd6 80. Ke5
Ne8 81. Rf7 Ng5 82. Ra7 Nh7 83. Kf4 Nhf6 84. Kg5 Nh7+ 85. Kh6 Nf8 86. Ra8 Nd6
87. Kg5 Ne4+ 88. Kh6 Nd6 89. f6 Nf5+ 90. Kg5 Nd4 91. e7 Ne6+ 92. Kh6 Kf7 93.
e8=Q+ Kxf6 94. Ra5 1-0

[Event "TCh-RUS HL 2019"]
[Site "Sochi RUS"]
[Date "2019.05.02"]
[Round "2.4"]
[Board "4"]
[White "Kolmagorov, Alexey"]
[Black "Vdovin, Vadim"]
[Result "0-1"]
[BlackTitle "FM"]
[WhiteElo "2180"]
[BlackElo "2361"]
[WhiteTeam "NGTU-NETI (Novosibirsk region)"]
[BlackTeam "Grandmaster Academy / Chess-trans"]
[WhiteFideId "34129402"]
[BlackFideId "24107158"]
[EventDate "2019.05.01"]

1. d4 Nf6 2. c4 g6 3. Nc3 Bg7 4. e4 d6 5. Nf3 Bg4 6. Be3 Nfd7 7. Rc1 O-O 8. Be2
e5 9. d5 a5 10. a3 Na6 11. Rb1 Nac5 12. b4 axb4 13. axb4 Ra3 14. bxc5 Rxc3 15.
Bd2 Ra3 16. cxd6 cxd6 17. Bb4 Ra6 18. O-O Bxf3 19. Bxf3 Qc7 20. Qc2 Rfa8 21. Rb2
h5 22. Rfb1 Bf6 23. Be2 Ra1 24. Qc1 Rxb1 25. Qxb1 Bd8 26. g3 Bg5 27. h4 Bh6 28.
Rb3 b6 29. Qb2 Bf8 30. Ra3 Rxa3 31. Qxa3 Nc5 32. Bxc5 bxc5 33. Bd1 Qb6 34. Bb3
Kg7 35. Kf1 Be7 36. Qa4 Bd8 37. Ke2 Qb8 38. f3 Ba5 39. Qb5 Qd8 40. Kf2 Bc3 41.
Ba4 Bd4+ 42. Ke2 g5 43. Qd7 Qa5 44. Qb5 Qc3 45. Qb3 Qc1 46. hxg5 Qg1 47. f4 Qg2+
48. Kd1 exf4 49. gxf4 Qxe4 50. Qg3 Qb1+ 51. Kd2 Qb4+ 0-1